000 00396nam a2200157 4500
008 0 1996 0a 000 0MEX
020 _a968-422-780-9
050 _aQC311 W3618
082 _a536.7 W134t
100 _aWark, Kenneth
245 _aTermodin mica / Kenneth Wark
250 _a5
260 _aMéxico : McGraw Hill
300 _a923 p. / 24 cm.
650 _a1.TERMODINAMICA
999 _c18672
_d18672